| 000 | 00692nam a2200217Ii 4500 | ||
|---|---|---|---|
| 003 | JO-AjNU | ||
| 008 | 230605s9999||||xx |||||||||||||| ||und|| | ||
| 017 | _a1999/11/2104 | ||
| 040 |
_aJO-AjNU _bara _erda _cJO-AjNU |
||
| 041 | _aara | ||
| 050 | 1 | 4 | _aPT2647.I278.V12 2000 |
| 100 | 3 |
_aتاليف فينر،هوجر؛ ترجمة قاسم طشطوش, _eauthor _949220 |
|
| 245 | 0 | 0 | _aأقرباء أعزّاءوقصص اخرى |
| 250 | _aط1 | ||
| 264 | 3 | 1 | _aعمان: وزارة الثقافة،2000 |
| 300 | _a244ص | ||
| 336 |
_atext _btxt _2rdacontent |
||
| 337 |
_aunmediated _bn _2rdamedia |
||
| 338 |
_avolume _bnc _2rdacarrier |
||
| 650 | 4 |
_aقصص-أقرباء اعزّاء _949221 |
|
| 999 |
_aA21605 _c25173 _d25173 |
||